000
00232nam a22000977a 4500
999
_c
531702
_d
531702
082
_a
954.0359
_b
WOL
100
_a
Walpert, S.
245
_a
Shamful Flight /
942
_2
ddc
_c
BK